| 000 | 00576nam a22001937a 4500 | ||
|---|---|---|---|
| 999 |
_c170400 _d170400 |
||
| 005 | 20191213164040.0 | ||
| 010 | _aA-688138 | ||
| 020 |
_c75.00 _a- |
||
| 035 | _aA-688138 | ||
| 037 | _bBPPD | ||
| 082 | _a070 | ||
| 100 | _aگر بچن چند ن | ||
| 245 |
_aجا م جہاں نما _cگر بچن چند ن |
||
| 246 |
_aJaam-e-Jahan Numa (Urdu) _bby Gurbachan Chandan |
||
| 260 |
_aDelhi _c1992 ء _bMaktaba Jamia Ltd. |
||
| 270 |
_aPatodi House,Darya Ganj _bN.Delhi _k- _e110002 |
||
| 300 |
_a248 ص _c22 cm(hb) |
||
| 942 |
_2ddc _cUR _h070 _mگ ر ب |
||